| 000 | 00000cam 2200000zi 4500 |
| 001 | 9.930915 |
| 003 | CaOODSP |
| 005 | 20251230070509 |
| 006 | m o d f |
| 007 | cr mn||||||||| |
| 008 | 231127t20232023quca ob f000 0 eng d |
| 020 | |a9780660690605 |
| 040 | |aCaOODSP|beng|erda|cCaOODSP |
| 043 | |an-cn--- |
| 045 | |ay2y2 |
| 086 | 1 |aEn4-460/1-2023E-PDF |
| 245 | 00|a2023 progress report on the 2030 Emissions Reduction Plan. |
| 264 | 1|aGatineau Quebec : |bEnvironment and Climate Change Canada = Environnement et changement climatique Canada, |c[2023] |
| 264 | 4|c©2023 |
| 300 | |a1 online resource (227 pages) : |bcolour illustrations |
| 336 | |atext|btxt|2rdacontent |
| 337 | |acomputer|bc|2rdamedia |
| 338 | |aonline resource|bcr|2rdacarrier |
| 500 | |aIssued also in French under title: Rapport d'étape 2023 sur le Plan de réduction des émissions pour 2030. |
| 504 | |aIncludes bibliographical references (pages 224-227). |
| 520 | |a"The 2023 Progress Report is the first progress report on the 2030 Emissions Reduction Plan (2030 ERP), a sector-by-sector roadmap released in March 2022 that identifies climate actions and strategies for Canada to reach its 2030 emissions reduction target and net-zero emissions by 2050. The report provides an update on progress towards Canada's emissions reduction targets described in the 2030 ERP. It also provides a measure-by-measure update on the implementation status of federal measures and strategies as well as key cooperative measures and agreements with provinces and territories. Every sector has a role to play to ensure Canada charts a successful course to a safe and secure low-carbon future. The 2023 Progress Report on the 2030 ERP is the first of three reports under the Canadian Net-Zero Emissions Accountability Act. Subsequent reports are required in 2025 and 2027 under the legislation"--Provided by pubisher. |
| 650 | 0|aGreenhouse gas mitigation|xGovernment policy|zCanada. |
| 650 | 0|aCarbon dioxide mitigation|xGovernment policy|zCanada. |
| 650 | 0|aIndustries|xEnvironmental aspects|xGovernment policy|zCanada. |
| 650 | 0|aClimate change mitigation|xGovernment policy|zCanada. |
| 710 | 1 |aCanada. |bEnvironment and Climate Change Canada, |eissuing body. |
| 775 | 08|tRapport d'étape 2023 sur le Plan de réduction des émissions pour 2030.|w(CaOODSP)9.930916 |
| 794 | |t2025 progress report on the 2030 Emissions Reduction Plan.|w(CaOODSP)9.954865 |
| 856 | 40|qPDF|s4.54 MB|uhttps://publications.gc.ca/collections/collection_2024/eccc/en4/En4-460-1-2023-eng.pdf |